|
|
|
|
| LEADER |
00000nab a2200000 a 4500 |
| 001 |
vtls000313633 |
| 003 |
SK-MaSNL |
| 005 |
20260303194028.0 |
| 008 |
111201c1978 xo 0 slo |
| 015 |
|
|
|a SNBRB19rr/mm-uuuuu
|
| 035 |
|
|
|a CL0003725
|
| 040 |
|
|
|a SNKBUCL
|b slo
|c SNKBUCL
|e AACR2
|
| 041 |
0 |
|
|a slo
|
| 044 |
|
|
|a xo
|c SK
|
| 080 |
|
|
|a 792.2
|2 1981
|
| 100 |
1 |
|
|a Procházka, Miro
|4 aut
|9 279244
|
| 245 |
1 |
0 |
|a Smiech náš každodenný
|b K divadelnej hre Jána Soloviča S.O.S
|c Miro Procházka
|
| 600 |
1 |
7 |
|a Solovič, Ján,
|d 1934-2022
|t S.O.S.
|2 snkbucl
|9 178188
|
| 610 |
2 |
7 |
|a Divadlo Nová scéna
|2 snkbucl
|9 228251
|
| 650 |
0 |
7 |
|a divadelné inscenácie
|2 snkbucl
|9 3326
|
| 651 |
|
7 |
|a 5100
|2 snkbucl
|9 166206
|
| 655 |
|
7 |
|a recenzie
|2 snkbucl
|9 21907
|
| 655 |
|
7 |
|a články z novín a časopisov
|2 snkbucl
|9 267496
|
| 773 |
0 |
|
|t Nové slovo
|g Roč. 20, č. 4 (26. 1. 1978), s. 16
|
| 850 |
|
|
|a Slovenská národná knižnica v Martine
|a MTA001
|
| 852 |
|
|
|a SNK
|b KIS3GCP
|
| 958 |
|
|
|a RK
|
| 992 |
|
|
|a RBX
|
| 999 |
|
|
|c 2155321
|d 2157251
|